Analýza vzťahu podielu hospitalizovaných detských pacientov jednodňovej zdravotnej starostlivosti od kraja

Výsledky analýzy závislosti podielu hospitalizovaných detských pacientov jednodňovej zdravotnej starostlivosti od kraja za obdobie 2009-2011.

Enregistré dans:
Détails bibliographiques
Auteur principal: Koróny, Samuel
Autres auteurs: Gavurová, Beáta, 1972-
Format: Chapitre de livre
Langue:slovaque
Sujets:
Tags: Ajouter un tag
Pas de tags, Soyez le premier à ajouter un tag!

MARC

LEADER 00000naa a2200000 4500
001 0177114
005 20220322131122.9
041 0 |a slo 
044 |a SK 
245 1 0 |a Analýza vzťahu podielu hospitalizovaných detských pacientov jednodňovej zdravotnej starostlivosti od kraja  |c Samuel Koróny, Beáta Gavurová 
520 |a Výsledky analýzy závislosti podielu hospitalizovaných detských pacientov jednodňovej zdravotnej starostlivosti od kraja za obdobie 2009-2011. 
610 2 0 |a starostlivosť zdravotná 
610 2 0 |a deti 
610 2 0 |a výskum štatistický 
610 2 0 |a analýza štatistická 
100 1 |a Koróny, Samuel 
700 1 |a Gavurová, Beáta, 1972-